名前に色を含む市町村 - Statistics

General Stats
  • This quiz has been taken 40 times
  • The average score is 57 of 74
Answer Stats
Hint Answer % Correct
福岡県 赤村
100%
北海道 標茶町
100%
青森県 青森市
100%
石川県 白山市
100%
東京都 墨田区
100%
愛知県 碧南市
97%
富山県 黒部市
97%
奈良県 桜井市
97%
神奈川県 藤沢市
97%
福島県 白河市
93%
千葉県 白井市
93%
岐阜県 白川町
93%
岐阜県 白川村
93%
宮城県 栗原市
93%
石川県 金沢市
93%
東京都 青ヶ島村
90%
福岡県 筑紫野市
90%
宮城県 白石市
90%
茨城県 桜川市
90%
滋賀県 栗東市
90%
群馬県 藤岡市
90%
富山県 射水市
90%
北海道 清水町
90%
静岡県 清水町
90%
東京都 小金井市
90%
大阪府 千早赤阪村
87%
東京都 青梅市
87%
佐賀県 白石町
87%
青森県 黒石市
87%
佐賀県 玄海町
87%
静岡県 藤枝市
87%
北海道 大空町
87%
沖縄県 金武町
87%
岡山県 赤磐市
83%
岩手県 紫波町
83%
大阪府 藤井寺市
83%
熊本県 水俣市
83%
兵庫県 赤穂市
80%
和歌山県 白浜町
80%
岐阜県 東白川村
80%
鳥取県 若桜町
80%
徳島県 藍住町
80%
埼玉県 白岡市
77%
鹿児島県 出水市
77%
石川県 穴水町
77%
千葉県 東金市
77%
北海道 赤平市
73%
長野県 青木村
73%
東京都 目黒区
73%
石川県 宝達志水町
73%
北海道 赤井川村
70%
北海道 栗山町
70%
福岡県 篠栗町
70%
高知県 土佐清水市
70%
山形県 金山町
70%
福島県 金山町
70%
鹿児島県 垂水市
67%
千葉県 大網白里市
63%
奈良県 黒滝村
63%
青森県 藤崎町
63%
岩手県 金ケ崎町
63%
北海道 黒松内町
57%
千葉県 白子町
53%
茨城県 水戸市
53%
北海道 白糠町
50%
高知県 黒潮町
50%
鹿児島県 湧水町
50%
北海道 今金町
47%
秋田県 藤里町
43%
北海道 小清水町
43%
北海道 白老町
40%
長野県 白馬村
37%
熊本県 和水町
37%
福岡県 水巻町
37%
No matching quizzes found
Score Distribution
Percent of People with Each Score
Percentile by Number Answered
Your Score History
You have not taken this quiz